<?xml version="1.0" encoding="UTF-8"?>
<record
    xmlns:xsi="http://www.w3.org/2001/XMLSchema-instance"
    xsi:schemaLocation="http://www.loc.gov/MARC21/slim http://www.loc.gov/standards/marcxml/schema/MARC21slim.xsd"
    xmlns="http://www.loc.gov/MARC21/slim">

  <leader>02287    a2200205   4500</leader>
  <controlfield tag="003">NALT</controlfield>
  <controlfield tag="005">20251114154550.0</controlfield>
  <controlfield tag="008">240524b        th ||||| |||| 00| 0 tha d</controlfield>
  <datafield tag="020" ind1=" " ind2=" ">
    <subfield code="a">9786163145451</subfield>
  </datafield>
  <datafield tag="040" ind1=" " ind2=" ">
    <subfield code="a">NALT</subfield>
  </datafield>
  <datafield tag="100" ind1="0" ind2=" ">
    <subfield code="a">&#xE27;&#xE34;&#xE21;&#xE25;&#xE2A;&#xE34;&#xE17;&#xE18;&#xE34;&#xE4C; &#xE2B;&#xE23;&#xE22;&#xE32;&#xE07;&#xE01;&#xE39;&#xE23;.</subfield>
    <subfield code="9">45942</subfield>
  </datafield>
  <datafield tag="245" ind1="1" ind2="0">
    <subfield code="a"> &#xE01;&#xE32;&#xE23;&#xE27;&#xE34;&#xE08;&#xE31;&#xE22; - &#xE2D;&#xE2D;&#xE01;&#xE41;&#xE1A;&#xE1A;: &#xE1A;&#xE39;&#xE23;&#xE13;&#xE32;&#xE01;&#xE32;&#xE23;&#xE41;&#xE25;&#xE30;&#xE27;&#xE34;&#xE18;&#xE35;&#xE27;&#xE34;&#xE17;&#xE22;&#xE32; &#xE40;&#xE25;&#xE48;&#xE21; 4 :</subfield>
    <subfield code="b">&#xE23;&#xE27;&#xE21;&#xE1C;&#xE25;&#xE07;&#xE32;&#xE19;&#xE27;&#xE34;&#xE0A;&#xE32;&#xE01;&#xE32;&#xE23;&#xE01;&#xE27;&#xE48;&#xE32; 40 &#xE1B;&#xE35; &#xE28;&#xE32;&#xE2A;&#xE15;&#xE23;&#xE32;&#xE08;&#xE32;&#xE23;&#xE22;&#xE4C; &#xE14;&#xE23;.&#xE27;&#xE34;&#xE21;&#xE25;&#xE2A;&#xE34;&#xE17;&#xE18;&#xE34;&#xE4C; &#xE2B;&#xE23;&#xE22;&#xE32;&#xE07;&#xE01;&#xE39;&#xE23; /</subfield>
    <subfield code="c">&#xE27;&#xE34;&#xE21;&#xE25;&#xE2A;&#xE34;&#xE17;&#xE18;&#xE34;&#xE4C; &#xE2B;&#xE23;&#xE22;&#xE32;&#xE07;&#xE01;&#xE39;&#xE23;.</subfield>
    <subfield code="h">[electronic resource]</subfield>
  </datafield>
  <datafield tag="260" ind1=" " ind2=" ">
    <subfield code="a">&#xE01;&#xE23;&#xE38;&#xE07;&#xE40;&#xE17;&#xE1E;&#xE2F; :</subfield>
    <subfield code="b">&#xE2A;&#xE33;&#xE19;&#xE31;&#xE01;&#xE1E;&#xE34;&#xE21;&#xE1E;&#xE4C;&#xE21;&#xE2B;&#xE32;&#xE27;&#xE34;&#xE17;&#xE22;&#xE32;&#xE25;&#xE31;&#xE22;&#xE18;&#xE23;&#xE23;&#xE21;&#xE28;&#xE32;&#xE2A;&#xE15;&#xE23;&#xE4C;,</subfield>
    <subfield code="c">2562.</subfield>
  </datafield>
  <datafield tag="300" ind1=" " ind2=" ">
    <subfield code="a">Online resource</subfield>
  </datafield>
  <datafield tag="505" ind1="2" ind2=" ">
    <subfield code="a">1. &#xE1B;&#xE31;&#xE0D;&#xE2B;&#xE32;&#xE02;&#xE31;&#xE14;&#xE41;&#xE22;&#xE49;&#xE07; &#xE43;&#xE19;&#xE01;&#xE32;&#xE23;&#xE2D;&#xE2D;&#xE01;&#xE41;&#xE1A;&#xE1A;&#xE2A;&#xE20;&#xE32;&#xE1E;&#xE41;&#xE27;&#xE14;&#xE25;&#xE49;&#xE2D;&#xE21; --
2. &#xE01;&#xE32;&#xE23;&#xE1B;&#xE23;&#xE30;&#xE40;&#xE21;&#xE34;&#xE19;&#xE42;&#xE04;&#xE23;&#xE07;&#xE01;&#xE32;&#xE23;&#xE17;&#xE35;&#xE48;&#xE2D;&#xE22;&#xE39;&#xE48;&#xE2D;&#xE32;&#xE28;&#xE31;&#xE22; --
3. Observer-as-Participant Method of Data Gathering --
4. &#xE01;&#xE32;&#xE23;&#xE27;&#xE34;&#xE08;&#xE31;&#xE22;&#xE17;&#xE32;&#xE07;&#xE2A;&#xE16;&#xE32;&#xE1B;&#xE31;&#xE15;&#xE22;&#xE01;&#xE23;&#xE23;&#xE21; &#xE01;&#xE32;&#xE23;&#xE2A;&#xE23;&#xE49;&#xE32;&#xE07;&#xE04;&#xE27;&#xE32;&#xE21;&#xE40;&#xE02;&#xE49;&#xE32;&#xE43;&#xE08;&#xE23;&#xE48;&#xE27;&#xE21;&#xE01;&#xE31;&#xE19;&#xE40;&#xE1E;&#xE37;&#xE48;&#xE2D;&#xE01;&#xE32;&#xE23;&#xE1E;&#xE31;&#xE12;&#xE19;&#xE32;&#xE07;&#xE32;&#xE19;&#xE27;&#xE34;&#xE08;&#xE31;&#xE22;&#xE41;&#xE25;&#xE30;&#xE40;&#xE1E;&#xE37;&#xE48;&#xE2D;&#xE01;&#xE32;&#xE23;&#xE1B;&#xE23;&#xE30;&#xE40;&#xE21;&#xE34;&#xE19;&#xE04;&#xE38;&#xE13;&#xE04;&#xE48;&#xE32;&#xE1C;&#xE25;&#xE07;&#xE32;&#xE19;&#xE27;&#xE34;&#xE08;&#xE31;&#xE22; --
5. &#xE28;&#xE32;&#xE2A;&#xE15;&#xE23;&#xE4C;&#xE41;&#xE25;&#xE30;&#xE28;&#xE34;&#xE25;&#xE1B;&#xE4C;&#xE43;&#xE19;&#xE01;&#xE32;&#xE23;&#xE2B;&#xE32;&#xE02;&#xE49;&#xE2D;&#xE21;&#xE39;&#xE25;: &#xE17;&#xE32;&#xE07;&#xE2A;&#xE39;&#xE48; &#x2018;&#xE14;&#xE27;&#xE07;&#xE14;&#xE32;&#xE27;&#x2019; &#xE2A;&#xE33;&#xE2B;&#xE23;&#xE31;&#xE1A;&#xE19;&#xE31;&#xE01;&#xE27;&#xE34;&#xE08;&#xE31;&#xE22; --
6. &#xE28;&#xE32;&#xE2A;&#xE15;&#xE23;&#xE4C;&#xE41;&#xE25;&#xE30;&#xE28;&#xE34;&#xE25;&#xE1B;&#xE4C;&#xE43;&#xE19;&#xE01;&#xE32;&#xE23;&#xE2B;&#xE32;&#xE02;&#xE49;&#xE2D;&#xE21;&#xE39;&#xE25;: &#xE1B;&#xE31;&#xE0D;&#xE2B;&#xE32; &#xE41;&#xE25;&#xE30; &#x2018;&#xE17;&#xE32;&#xE07;&#xE2D;&#xE2D;&#xE01;&#x2019; --
7. &#xE01;&#xE32;&#xE23;&#xE27;&#xE34;&#xE08;&#xE31;&#xE22;&#xE41;&#xE25;&#xE30;&#xE1E;&#xE31;&#xE12;&#xE19;&#xE32;&#xE17;&#xE32;&#xE07;&#xE2A;&#xE16;&#xE32;&#xE1B;&#xE31;&#xE15;&#xE22;&#xE01;&#xE23;&#xE23;&#xE21;&#xE28;&#xE32;&#xE2A;&#xE15;&#xE23;&#xE4C; --
8. &#xE27;&#xE34;&#xE18;&#xE35;&#xE27;&#xE34;&#xE17;&#xE22;&#xE32;&#xE01;&#xE32;&#xE23;&#xE27;&#xE34;&#xE08;&#xE31;&#xE22;&#xE17;&#xE32;&#xE07;&#xE2A;&#xE16;&#xE32;&#xE1B;&#xE31;&#xE15;&#xE22;&#xE01;&#xE23;&#xE23;&#xE21; --
9. &#xE07;&#xE32;&#xE19;&#xE2D;&#xE2D;&#xE01;&#xE41;&#xE1A;&#xE1A;&#xE40;&#xE1B;&#xE47;&#xE19;&#xE07;&#xE32;&#xE19;&#xE27;&#xE34;&#xE08;&#xE31;&#xE22;&#xE44;&#xE14;&#xE49;&#xE2B;&#xE23;&#xE37;&#xE2D; ? &#xE2F;&#xE25;&#xE2F;.</subfield>
  </datafield>
  <datafield tag="650" ind1=" " ind2="0">
    <subfield code="a">&#xE2A;&#xE16;&#xE32;&#xE1B;&#xE31;&#xE15;&#xE22;&#xE01;&#xE23;&#xE23;&#xE21;</subfield>
    <subfield code="9">13851</subfield>
  </datafield>
  <datafield tag="856" ind1="4" ind2="0">
    <subfield code="u">https://ebook.parliament.go.th/ebookall/detail/432017</subfield>
    <subfield code="z">E-Book</subfield>
  </datafield>
  <datafield tag="942" ind1=" " ind2=" ">
    <subfield code="2">lcc</subfield>
    <subfield code="c">EBK</subfield>
  </datafield>
  <datafield tag="996" ind1=" " ind2=" ">
    <subfield code="a">i001</subfield>
    <subfield code="b">CATSTF	</subfield>
    <subfield code="c">2024-06-06</subfield>
  </datafield>
  <datafield tag="999" ind1=" " ind2=" ">
    <subfield code="c">102945</subfield>
    <subfield code="d">102945</subfield>
  </datafield>
  <datafield tag="998" ind1=" " ind2=" ">
    <subfield code="j">1020</subfield>
    <subfield code="k"> &#xE19;&#xE32;&#xE07;&#xE08;&#xE33;&#xE40;&#xE23;&#xE35;&#xE22;&#xE07;  &#xE23;&#xE30;&#xE27;&#xE31;&#xE07;&#xE2A;&#xE33;&#xE42;&#xE23;&#xE07;</subfield>
  </datafield>
  <datafield tag="952" ind1=" " ind2=" ">
    <subfield code="0">0</subfield>
    <subfield code="1">0</subfield>
    <subfield code="2">lcc</subfield>
    <subfield code="4">0</subfield>
    <subfield code="7">0</subfield>
    <subfield code="8">CERS</subfield>
    <subfield code="a">NALT</subfield>
    <subfield code="b">NALT</subfield>
    <subfield code="c">ONLINE</subfield>
    <subfield code="d">2023-09-29</subfield>
    <subfield code="e">191</subfield>
    <subfield code="r">2023-09-29 00:00:00</subfield>
    <subfield code="y">EBK</subfield>
  </datafield>
</record>
